00489nam a2200193 a 4500001001300000003000900013005001700022008004100039020001000080082001300090100001700103245001500120260004300135300000800178500003500186505003800221650001900259700001700278nice12345678IN_TiNIC20260116015234.0050524s1970 lona grp 000 0 eng  ac10000a953bKAY aKay, Shirley aArab World aLondonbOxford University Press c1970 a96p aincludes index and biblioraphy2 aThesis of Philip Hassett, 1994-95 aArab Countries1 aKay, Shirley